Entry Nombre personal
001 - NÚMERO DE CONTROL
- campo de control: 197
003 - IDENTIFICADOR DE NÚMERO DE CONTROL
- campo de control: AR-BaBN
005 - FECHA Y HORA DE LA ÚLTIMA TRANSACCIÓN
- campo de control: 20260122111757.0
008 - ELEMENTOS DE DATO DE LONGITUD-FIJA
- campo de control de longitud fija: 790418nn azannaabn a aaa s
010 ## - NÚMERO DE CONTROL DE LA BIBLIOTECA DEL CONGRESO
- Número de control de LC: n 79026812
- Número de control de LC cancelado o no válido: n 78095807
016 7# - NÚMERO DE CONTROL DE UNA AGENCIA BIBLIOGRÁFICA NACIONAL
- Número de control del registro: 000031474
- Fuente: AR-BaBN
024 7# - IDENTIFICADOR DE OTROS ESTÁNDARES
- Número estándar o código: 24602613
- Fuente: viaf
- URI de un objeto del mundo real: http://viaf.org/viaf/24602613
040 ## - FUENTE DE CATALOGACIÓN
- Centro catalogador/agencia de origen: DLC
- Lengua de catalogación: spa
- Normas de descripción: rda
- Centro/agencia transcriptor: DLC
- Centro/agencia modificador: DLC
- Centro/agencia modificador: MdU
- Centro/agencia modificador: DLC
- Centro/agencia modificador: CSt-HC
- Centro/agencia modificador: OCoLC
- Centro/agencia modificador: OO
- Centro/agencia modificador: NjP
- Centro/agencia modificador: DLC
- Centro/agencia modificador: ICU
- Centro/agencia modificador: UPB
- Centro/agencia modificador: AR-BaBN
043 ## - CÓDIGO DE ÁREA GEOGRÁFICA
- Código de área geográfica: e-gx---
046 ## - FECHAS CON CODIFICACIÓN ESPECIAL
- Fecha de nacimiento: 1889-09-26
- Fecha de la muerte: 1976-05-26
- Fuente del esquema de fecha: edtf
075 ## - TIPO DE ENTIDAD
- Término tipo de entidad: persona
- Fuente: rda
100 1# - ENCABEZAMIENTO-NOMBRE DE PERSONA
- Nombre de persona: Heidegger, Martin,
- Fechas asociadas al nombre: 1889-1976
370 ## - LUGAR ASOCIADO
- Lugar de nacimiento: Messkirch (Alemania)
- Lugar de fallecimiento: Freiburg im Breisgau (Alemania)
372 ## - CAMPO DE ACTIVIDAD
- Campo de actividad: Filosofía
374 ## - OCUPACIÓN
- Ocupación: Filósofos
375 ## - GÉNERO/SEXO
- Género: Varón
377 ## - IDIOMA ASOCIADO
- Código del idioma: ger
- Término de lengua/lenguaje: alemán
400 1# - TRAZADO DE VÉASE--NOMBRE DE PERSONA
- Nombre de persona: Haideger, Martín,
- Fechas asociadas al nombre: 1889-1976
400 1# - TRAZADO DE VÉASE--NOMBRE DE PERSONA
- Nombre de persona: Heidegger, M.
- Forma completa/desarrollada del nombre: (Martin),
- Fechas asociadas al nombre: 1889-1976
400 1# - TRAZADO DE VÉASE--NOMBRE DE PERSONA
- Nombre de persona: Haideger, Martin,
- Fechas asociadas al nombre: 1889-1976
400 1# - TRAZADO DE VÉASE--NOMBRE DE PERSONA
- Nombre de persona: Hajdeger, Martin,
- Fechas asociadas al nombre: 1889-1976
400 1# - TRAZADO DE VÉASE--NOMBRE DE PERSONA
- Nombre de persona: Chaintenker, Martin,
- Fechas asociadas al nombre: 1889-1976
670 ## - FUENTE DE DATOS ENCONTRADOS
- Cita de la fuente: Kant und das problem der metaphysik, 1929:
- Información encontrada: port (Martin Heidegger)
670 ## - FUENTE DE DATOS ENCONTRADOS
- Cita de la fuente: Briefe 1925 bis 1975, c1998:
- Información encontrada: port. (Martin Heidegger) lomo (M. Heidegger)
670 ## - FUENTE DE DATOS ENCONTRADOS
- Cita de la fuente: Heidegger dictionary, 2013.